Statistical mechanics : (Record no. 30276)

000 -LEADER
fixed length control field 00527 a2200169 4500
003 - CONTROL NUMBER IDENTIFIER
control field NUST
005 - DATE AND TIME OF LATEST TRANSACTION
control field 20180118114715.0
008 - FIXED-LENGTH DATA ELEMENTS--GENERAL INFORMATION
fixed length control field 180118b xxu||||| |||| 00| 0 eng d
020 ## - INTERNATIONAL STANDARD BOOK NUMBER
International Standard Book Number 019856676X
020 ## - INTERNATIONAL STANDARD BOOK NUMBER
International Standard Book Number 9780198566762
082 ## - DEWEY DECIMAL CLASSIFICATION NUMBER
Classification number 530.13
100 1# - MAIN ENTRY--PERSONAL NAME
Personal name Sethna, James P.
9 (RLIN) 8627
245 10 - TITLE STATEMENT
Title Statistical mechanics :
Remainder of title entropy, order parameters and complexity /
Statement of responsibility, etc. James P. Sethna.
260 ## - PUBLICATION, DISTRIBUTION, ETC.
Place of publication, distribution, etc. [S.l.] :
Name of publisher, distributor, etc. Oxford University Press, USA,
Date of publication, distribution, etc. 2006.
300 ## - PHYSICAL DESCRIPTION
Extent 376 p. ;
Dimensions 25 cm.
490 1# - SERIES STATEMENT
Series statement Oxford master series in physics.
830 #0 - SERIES ADDED ENTRY--UNIFORM TITLE
Uniform title Oxford master series in physics.
9 (RLIN) 8628
942 ## - ADDED ENTRY ELEMENTS (KOHA)
Institution code [OBSOLETE] SNS
Koha item type Book
Call number prefix 530.13 SET
Source of classification or shelving scheme
Holdings
Withdrawn status Lost status Damaged status Not for loan Permanent Location Current Location Date acquired Total Checkouts Full call number Barcode Date last seen Price effective from Koha item type
        School of Natural Sciences (SNS) School of Natural Sciences (SNS) 05/26/2016   530.13 SET SNS0001782 07/26/2017 05/26/2016 Book
© 2023 Central Library, National University of Sciences and Technology. All Rights Reserved.